Logo BPK

Bibliografia Prac Pracowników

Politechniki Koszalińskiej

Algoritm rasceta osnovnych parametrov zony pitanija cervjacnogo pressa / (Rekord nr 7272)

Szczegóły MARC
000 -ETYKIETA REKORDU
podpole kontrolne o stałej długości 00650nab a22001817a 4500
003 - IDENTYFIKATOR NUMERU KONTROLNEGO REKORDU
podpole kontrolne BPK
005 - DATA OSTATNIEJ MODYFIKACJI REKORDU
podpole kontrolne 20160212110446.0
008 - POLE O STAŁEJ DŁUGOŚCI - DANE KONTROLNE
podpole kontrolne o stałej długości 160212b1986 ru ||||| |||| 00| ||rus
040 ## - ŹRÓDŁO KATALOGOWANIA
Instytucja, która utworzyła rekord BPK
041 ## - KOD JĘZYKA
Kod języka tekstu rus
044 ## - KOD KRAJU WYDAWCY/PRODUCENTA
Kod kraju wydawcy/producenta RUS
100 ## - NAZWA OSOBOWA
Nazwa osobowa DIAKUN, Jarosław.
Lata pracy 1975 - 1996.
Instytucja Wyższa Szkoła Inżynierska w Koszalinie - Wydział Mechaniczny,
Wydział Katedra Inżynierii Spożywczej
245 ## - TYTUŁ/ODPOWIEDZIALNOŚĆ
Tytuł Algoritm rasceta osnovnych parametrov zony pitanija cervjacnogo pressa /
Pozostałe elementy strefy tytułu i oznaczenia odpowiedzialności Jarosław Diakun, L.F. Voronin.
260 ## - STREFA ADRESU WYDAWNICZEGO
Data publikacji, dystrybucji/powstania dokumentu 1986.
500 ## - UWAGI OGÓLNE
Tekst uwagi Dane z kartoteki bpp.
773 ## - TYTUŁ DOKUMENTU MACIERZYSTEGO
Wyrażenie wprowadzające W :
Tytuł Chimiceskoe Masinostroenie. -
Informacje dotyczące relacji 1986, Vyp. 44, s. 28-34
942 ## - HASŁO DODATKOWE - ELEMENTY(KOHA)
Typ dokumentu Artykuł
Schemat klasyfikacji Uniwersalna klasyfikacja dziesiętna

Brak dostępnych egzemplarzy.

© 2014 Biblioteka Politechniki Koszalińskiej :: BIBLIOGRAFIA PRAC PRACOWNIKÓW